Konfigurácia smerovacích protokolov v sieti IP

Guardado en:
Detalles Bibliográficos
Autor principal: Pőštenyi, Stanislav, 1989- (Autor)
Otros Autores: Kotuliaková, Kvetoslava, 1968- (Orientador)
Formato: Manuscrito Libro
Lenguaje:eslovaco
Publicado: Bratislava : STU v Bratislave FEI, 2014
Materias:
Acceso en línea:VAIS
Etiquetas: Agregar Etiqueta
Sin Etiquetas, Sea el primero en etiquetar este registro!

MARC

LEADER 00000ntm a22000003a 4500
001 stu292270
005 20150617230259.6
008 140625s2014----xo------------------slo-d
040 |a STU  |b slo 
041 0 |a slo 
044 |a xo 
100 1 |a Pőštenyi, Stanislav,  |d 1989-  |4 aut  |u E  |T FEI Fakulta elektrotechniky a informatiky  |X 64663  |U E  |Y 30  |7 A000064663 
242 0 0 |a Configuring routing protocols in IP network   |y eng 
245 1 |a Konfigurácia smerovacích protokolov v sieti IP 
260 |a Bratislava :  |b STU v Bratislave FEI,  |c 2014 
300 |a 53 s 
650 7 |a Telekomunikácie  |2 stusub 
650 7 |a Telecommunications  |2 estusub 
650 7 |a convergence  |2 estusub 
650 7 |a routing  |2 estusub 
650 7 |a konvergencia  |2 stusub 
650 7 |a smerovanie  |2 stusub 
700 1 |a Kotuliaková, Kvetoslava,  |d 1968-  |4 ths  |u E070  |U FEI Fakulta elektrotechniky a informatiky  |T FEI Ústav telekomunikácií  |X 2015  |U E070  |Y 818  |7 A000002015 
856 4 |a info a plný text  |u http://is.stuba.sk/zp/portal_zp.pl?podrobnosti=100108  |3 VAIS 
996 |b 284EP10832  |c E*DIPL-10832  |l EE37  |s P  |a 0  |w stu292270_0001